Bibliographie der Freimauresischen Literatur

Bibliographic Details
Main Author: Wolfstieg, August (Author)
Format: Book
Language:Undetermined
PhysicalDescription:1032 s.
Published: s.l. Selbstverlag des Vereins Deutscher Freimaurer 1912
Edition:1. nem. vyd.

MARC

LEADER 00000nam a2200000 a 4500
001 vtls001457173
003 SK-MaSNL
005 20260301101742.0
008 240313s1912 xx 0 und
035 |a SNK000412480 
040 |a SNK  |b slo  |c SNK  |e AACR2 
041 0 |a und 
044 |a xx 
100 1 |a Wolfstieg, August  |4 aut  |9 436464 
245 1 |a Bibliographie der Freimauresischen Literatur 
250 |a 1. nem. vyd. 
260 |a s.l.  |b Selbstverlag des Vereins Deutscher Freimaurer  |c 1912 
300 |a 1032 s. 
958 |a ONDV 
999 |c 690232  |d 692162 
952 |t P60, <04>, [BOOK], {604}  |a SNK  |b SNK  |y VYP  |7 0  |p 17A0390414  |o snkIB 5555/2  |i snk4573/56  |0 0  |1 0  |4 0  |d 2003-07-24  |l 0  |r 2005-01-02 00:00:00  |w 2026-02-23